Statystyki dla Jaki to samolot?

Kliknij tutaj aby rozwiązać quiz!

Ogólne statystyki

  • Ten quiz został rozwiązany 95 razy
  • Średni wynik to 5 z 16

Statystyki odpowiedzi

Odpowiedź% Poprawnych
Airbus A320
85%
Boeing 747
81%
Airbus A380
73%
Boeing 737
64%
Boeing 767
51%
Boeing 787 Dreamliner
47%
Airbus A319
29%
Airbus A310
26%
Boeing C-17 Globemaster
21%
Cessna 152
21%
Embraer E170
15%
Airbus A400M
10%
Bombardier Dash Q400
7%
McDonell Douglas MD11
7%
Antonov An-12
4%
Boeing E-3A Sentry
3%

Rozkład punktacji

Percentyl według liczby udzielonych odpowiedzi

Procent ludzi z każdym wynikiem

Twoja historia wyników

Nie rozwiązałeś tego quizu